Focus (Record no. 80742)

MARC details
000 -LEADER
fixed length control field 01026cab a22001935a 4500
001 - CONTROL NUMBER
control field L145236
008 - FIXED-LENGTH DATA ELEMENTS--GENERAL INFORMATION
fixed length control field 080917e20080913xxkao f s 000 0 eng d
035 ## - SYSTEM CONTROL NUMBER
System control number (Sirsi) u145236
041 0# - LANGUAGE CODE
Language code of text/sound track or separate title eng
100 1# - MAIN ENTRY--PERSONAL NAME
Personal name Golden, Paul
245 00 - TITLE STATEMENT
Title Focus
Remainder of title M40 and Warwickshire
260 ## - PUBLICATION, DISTRIBUTION, ETC.
Date of publication, distribution, etc. 2008
490 ## - SERIES STATEMENT
Series statement Estates Gazette
Volume/sequential designation (0836) 13 September 2008, 113-123(6)
520 ## - SUMMARY, ETC.
Summary, etc. Regional feature looks at the long delayed redevelopment of the Westgate centre and discusses what will happen next for the scheme hampered by planning disputes and tough market conditions. The author illustrates the benefits the scheme will bring to Oxford and also the potential harm that would be caused should it not reach completion. Also looks at regeneration in Warwickshire and states that, while the Midlands are doing well nationally, challenging times lie ahead for the regeneration market.
651 #4 - SUBJECT ADDED ENTRY--GEOGRAPHIC NAME
Geographic name England and Wales
Chronological subdivision 1543-
690 ## - LOCAL SUBJECT ADDED ENTRY--TOPICAL TERM (OCLC, RLIN)
Topical term or geographic name as entry element PROPERTY-COMMERCIAL PROPERTY-COMMERCIAL PROPERTY MARKET
700 1# - ADDED ENTRY--PERSONAL NAME
Personal name Pilkington, Lisa
942 ## - ADDED ENTRY ELEMENTS (KOHA)
Suppress in OPAC 0
Holdings
Withdrawn status Lost status Source of classification or shelving scheme Damaged status Not for loan Home library Current library Shelving location Date acquired Total Checkouts Full call number Barcode Date last seen Copy number Price effective from Koha item type
    Dewey Decimal Classification     London London Journal article 17/09/2008   L145236 145236-1001 06/08/2019 1 06/08/2019 Journal article